Survey explores high-density support (Record no. 117337)

MARC details
000 -LEADER
fixed length control field 00964cam a2200205 4500
001 - CONTROL NUMBER
control field WB4018-08
008 - FIXED-LENGTH DATA ELEMENTS--GENERAL INFORMATION
fixed length control field 040511n2004 000 0 eng u
035 ## - SYSTEM CONTROL NUMBER
System control number (Sirsi) u126165
245 ## - TITLE STATEMENT
Title Survey explores high-density support
260 ## - PUBLICATION, DISTRIBUTION, ETC.
Date of publication, distribution, etc. 2004
490 ## - SERIES STATEMENT
Series statement Planning (for the Natural and Built Environment)
Volume/sequential designation (1568) 7 May 2004, 2(1)
520 ## - SUMMARY, ETC.
Summary, etc. MORI and Urbed carried out a survey of councillors' attitudes to high density housing. They found that councillors have housing as their highest priority but felt that there were too many barriers such as inappropriate design and local resident opposition. The survey concluded that high density housing schemes could receive greater council support if more effort was made to overcome design and infrastructure problems.
590 ## - LOCAL NOTE (RLIN)
Local note WB
590 ## - LOCAL NOTE (RLIN)
Local note WB
650 ## - SUBJECT ADDED ENTRY--TOPICAL TERM
Topical term or geographic name entry element HIGH DENSITY HOUSING
650 ## - SUBJECT ADDED ENTRY--TOPICAL TERM
Topical term or geographic name entry element LOCAL AUTHORITIES
650 ## - SUBJECT ADDED ENTRY--TOPICAL TERM
Topical term or geographic name entry element PLANNING APPROVALS
690 ## - LOCAL SUBJECT ADDED ENTRY--TOPICAL TERM (OCLC, RLIN)
Topical term or geographic name as entry element HOUSING-DEVELOPMENT
942 ## - ADDED ENTRY ELEMENTS (KOHA)
Suppress in OPAC 0
Holdings
Withdrawn status Lost status Source of classification or shelving scheme Damaged status Not for loan Home library Current library Shelving location Date acquired Total Checkouts Full call number Barcode Date last seen Copy number Price effective from Koha item type
    Dewey Decimal Classification     London London News article 11/05/2004   WB4018-08 126165-1001 06/08/2019 1 06/08/2019 News article